| 000 | 00913nam0a22002531 4500 | ||
|---|---|---|---|
| 001 | v19\rc\1643558 | ||
| 005 | 20250619000844.0 | ||
| 035 | _a(NLR Aleph) 004756323 | ||
| 090 |
_a4561429 _c4561429 |
||
| 100 | _a20061002d1886 |||y0rusy50 ca | ||
| 101 | 0 | _arus | |
| 102 | _aRU | ||
| 105 | _ay z |||a| | ||
| 200 | 1 |
_aМысли и чувствования бывшего священника С.С.А.Ц.М.П. по время трекратного его пребывания среди умалишенных в 1864, 1866 и 1868 гг. _e[Стихи] |
|
| 210 |
_aСанкт-Петербург _cтип. В. Демакова _dценз. 1886 |
||
| 215 | _a6 с. | ||
| 309 | _aБез тит. л. и обл. | ||
| 702 | 0 |
_aС. С. А. Ц. М. П. _4570 |
|
| 801 | 0 |
_aRU _bNLR _gpsbo |
|
| 801 | 0 |
_aRU _bRuMoRGB _2psbo |
|
| 801 | 1 |
_aRU _bProSoft-M _2rusmarc |
|
| 852 |
_aNLR _j18.216.3.121 |
||
| 942 | _cBOOK | ||
| 980 | _aNB | ||